Trouble-maker / (Record no. 143)

MARC details
000 -LEADER
fixed length control field 01128nam a22003257a 4500
001 - CONTROL NUMBER
control field 143
003 - CONTROL NUMBER IDENTIFIER
control field FISKH
005 - DATE AND TIME OF LATEST TRANSACTION
control field 20250210113252.0
008 - FIXED-LENGTH DATA ELEMENTS--GENERAL INFORMATION
fixed length control field 230301b cb ||||| |||| 00| 0 eng d
020 ## - INTERNATIONAL STANDARD BOOK NUMBER
International Standard Book Number 9780545505079
040 ## - CATALOGING SOURCE
Original cataloging agency DLC
Transcribing agency DLC
Modifying agency DLC
-- FISKH
Language of cataloging eng
042 ## - AUTHENTICATION CODE
Authentication code lcac
-- pcc
050 00 - LIBRARY OF CONGRESS CALL NUMBER
Classification number PZ7.C59118
Item number Tr 2011
082 00 - DEWEY DECIMAL CLASSIFICATION NUMBER
Classification number 231
Edition number 22
100 1# - MAIN ENTRY--PERSONAL NAME
Personal name Clements, Andrew,
Dates associated with a name 1949-2019,
245 10 - TITLE STATEMENT
Title Trouble-maker /
Statement of responsibility, etc. Andrew Clements ; illustrations by Mark Elliott.
250 ## - EDITION STATEMENT
Edition statement This edition first printing, September 2012
260 ## - PUBLICATION, DISTRIBUTION, ETC.
Place of publication, distribution, etc. New York :
Name of publisher, distributor, etc. Scholastic,
Date of publication, distribution, etc. 2011
300 ## - PHYSICAL DESCRIPTION
Extent 140 pages :
Other physical details illustrations ;
Dimensions 20 cm
505 ## - FORMATTED CONTENTS NOTE
Formatted contents note R<br/>
520 ## - SUMMARY, ETC.
Summary, etc. When his older brother gets in serious trouble, sixth-grader Clay decides to change his own mischief-making ways, but he cannot seem to shake his reputation as a troublemaker.
521 1# - TARGET AUDIENCE NOTE
Target audience note 730<br/>
Source Lexile<br/>
521 1# - TARGET AUDIENCE NOTE
Target audience note R<br/>
Source Raz-Plus<br/>
650 #1 - SUBJECT ADDED ENTRY--TOPICAL TERM
Topical term or geographic name entry element Behavior
Form subdivision Fiction.
650 #1 - SUBJECT ADDED ENTRY--TOPICAL TERM
Topical term or geographic name entry element Schools
Form subdivision Fiction.
650 #1 - SUBJECT ADDED ENTRY--TOPICAL TERM
Topical term or geographic name entry element Brothers
Form subdivision Fiction.
700 1# - ADDED ENTRY--PERSONAL NAME
Personal name Elliott, Mark,
Dates associated with a name 1967-
Relator term illustrator
906 ## - LOCAL DATA ELEMENT F, LDF (RLIN)
a 7
b cbc
c orignew
d 1
e ecip
f 20
g y-gencatlg
942 ## - ADDED ENTRY ELEMENTS (KOHA)
Source of classification or shelving scheme Dewey Decimal Classification
Koha item type Books
Suppress in OPAC No
Holdings
Withdrawn status Lost status Source of classification or shelving scheme Damaged status Not for loan Collection Home library Current library Shelving location Date acquired Total Checkouts Full call number Barcode Date last seen Copy number Price effective from Koha item type Date due Date last checked out
    Dewey Decimal Classification     Juvenile Fiction Footprints International School Library Network Toul Kork Campus Footprints International School Library Network Toul Kork Campus TK Primary Library Room(4th Floor), Bookcase 5&6, Shelves 33-56, Orange Books 03/01/2023   CLE 231 PZ7.C59118 FISTK04966 03/01/2023 1 03/01/2023 Books    
    Dewey Decimal Classification     Juvenile Fiction Footprints International School Library Network Toul Kork Campus Footprints International School Library Network Toul Kork Campus TK Primary Library Room(4th Floor), Bookcase 5&6, Shelves 33-56, Orange Books 12/05/2023 1 CLE 231 PZ7.C59118 FISTK05396 11/11/2025 2 12/05/2023 Books 11/25/2025 11/11/2025
    Dewey Decimal Classification     Juvenile Fiction Footprints International School Library Network Toul Kork Campus Footprints International School Library Network Toul Kork Campus TTP Primary Orange Bookshelves 02/10/2025   CLE 231 PZ7.C59118 2025-0473 02/10/2025 3 02/10/2025 Books